书目信息 |
| 题名: |
文化产业背景下视觉传达设计研究
|
|
| 作者: | 余琴 著 | |
| 分册: | ||
| 出版信息: | 长春 吉林美术出版社 2019.01 |
|
| 页数: | 278页 | |
| 开本: | 24cm | |
| 丛书名: | ||
| 单 册: | ||
| 中图分类: | J062 | |
| 科图分类: | ||
| 主题词: | 视觉设计--shi jue she ji--研究 | |
| 电子资源: | ||
| ISBN: | 978-7-5575-3294-9 | |
| 000 | 00913nam0 2200241 450 | |
| 001 | 202019138017 | |
| 005 | 20191026133321.0 | |
| 010 | @a978-7-5575-3294-9@dCNY68.00 | |
| 100 | @a20191023d2019 em y0chiy50 ea | |
| 101 | 0 | @achi |
| 102 | @aCN@b220000 | |
| 105 | @ay a 000yy | |
| 106 | @ar | |
| 200 | 1 | @a文化产业背景下视觉传达设计研究@Awen hua chan ye bei jing xia shi jue chuan da she ji yan jiu@f余琴著 |
| 210 | @a长春@c吉林美术出版社@d2019.01 | |
| 215 | @a278页@d24cm | |
| 320 | @a有书目 (第274-278页) | |
| 330 | @a本书是关于视觉传达设计研究的著作, 先从艺术设计与视觉传达设计的基础理论知识出发, 详细论述了视觉传达设计对文化产业的推动作用, 并且以最直观的应用向读者呈现了其在文化产业中的重要性。是一本从事视觉设计者的学习、参考用书。 | |
| 606 | 0 | @a视觉设计@Ashi jue she ji@x研究 |
| 690 | @aJ062@v5 | |
| 701 | 0 | @a余琴@Ayu qin@4著 |
| 801 | 0 | @aCN@c20190905 |
| 905 | @a河南城建学院图书馆@dJ062@eY763 | |
| 文化产业背景下视觉传达设计研究/余琴著.-长春:吉林美术出版社,2019.01 |
| 278页;24cm |
| ISBN 978-7-5575-3294-9:CNY68.00 |
| 本书是关于视觉传达设计研究的著作, 先从艺术设计与视觉传达设计的基础理论知识出发, 详细论述了视觉传达设计对文化产业的推动作用, 并且以最直观的应用向读者呈现了其在文化产业中的重要性。是一本从事视觉设计者的学习、参考用书。 |
| ● |
| 相关链接 |
|
|
|
正题名:文化产业背景下视觉传达设计研究
索取号:J062/Y763
 
预约/预借
| 序号 | 登录号 | 条形码 | 馆藏地/架位号 | 状态 | 备注 |
| 1 | 1447120 | 214471203 | 社科库309/309社科库 64排1列4层/ [索取号:J062/Y763] | 在馆 | |
| 2 | 1447121 | 214471212 | 社科库309/309社科库 64排1列4层/ [索取号:J062/Y763] | 在馆 |